|
|
|
|
| LEADER |
00000cam a2200000 7i4500 |
| 001 |
0000001349 |
| 002 |
000001486 |
| 005 |
20000330.0 |
| 020 |
|
|
|a 0749606797
|
| 090 |
0 |
0 |
|a J 507
|b SCI
|
| 100 |
1 |
|
|a Ward, Alan
|
| 245 |
1 |
0 |
|a Magnets and electricity
|c Alan Ward
|
| 260 |
|
|
|a London :
|b Franklin Watts ,
|c 1992
|
| 300 |
|
|
|a 32 p. :
|b ill. ;
|c 27 cm.
|
| 490 |
0 |
|
|a Science discovery
|
| 650 |
0 |
0 |
|a Magnetism
|x Juvenile literature
|
| 999 |
|
|
|a 027184
|b BUKU
|c JUNIOR REFERENCE
|e PERPUSTAKAAN KOMUNITI CAW KOTA DAMANSARA
|
| 999 |
|
|
|a 032776
|b BUKU
|c JUNIOR REFERENCE
|e PERPUSTAKAAN KOMUNITI CAW KOTA DAMANSARA
|